Biggest Airports in India (By Passengers) - Statistics

General Stats
  • This quiz has been taken 469 times
  • The average score is 15 of 25
Answer Stats
Rank Airport Passengers % Correct
1 Delhi 57,703,096
100%
2 Mumbai 45,154,345
100%
4 Chennai 18,362,215
95%
5 Kolkata 15,819,539
95%
6 Hyderabad 15,102,672
90%
8 Ahmedabad 7,405,282
84%
10 Pune 6,787,391
81%
14 Jaipur 3,783,458
76%
11 Lucknow 3,968,950
75%
3 Bengaluru 22,881,392
74%
7 Kochi 8,955,441
61%
22 Nagpur 1,891,475
61%
9 Goa 6,856,362
56%
24 Indore 1,784,073
56%
18 Patna 2,112,150
56%
23 Chandigarh 1,825,881
47%
19 Coimbatore 2,104,904
45%
13 Guwahati 3,789,656
43%
20 Srinagar 2,101,762
43%
21 Varanasi 1,916,454
40%
25 Mangalore
35%
12 Thiruvananthapuram 3,881,509
33%
15 Kozhikode 2,651,088
29%
17 Bhubaneswar 2,332,433
26%
16 Visakhapatnam 2,358,029
26%
No matching quizzes found
Score Distribution
Percent of People with Each Score
Percentile by Number Answered
Your Score History
You have not taken this quiz